| 000 | 00573nam a22001937a 4500 | ||
|---|---|---|---|
| 003 | KOHA_MİRAKIL | ||
| 005 | 20260325111259.0 | ||
| 008 | 260325b tu ||||| |||| 00| 0 tur d | ||
| 020 | _a9786256843806 | ||
| 040 |
_aTR-AnABB _btur _cTR-AnABB |
||
| 041 | _atur | ||
| 082 |
_a155.24 _bRIF 2023 |
||
| 100 | 1 | _aRıfkın, Jeremi | |
| 245 | 1 | 0 |
_aEndüstriyel etkinlik / _cJeremi Rıfkın ; Türkçesi : Solina Silahlı |
| 260 |
_aİstanbul : _bDoğan Yayınları, _c2023 |
||
| 300 |
_a367 sayfa : _c20 cm |
||
| 650 | 0 | 4 | _aEndüstriyel Etkinlik |
| 942 |
_2ddc _cBK |
||
| 999 |
_c10029 _d10029 |
||
| 900 | _bCem ÖZOGLU | ||